000 01616cam a2200337 4500
001 179745
003 ES-MaACL
005 20240212171842.0
008 120117s2009 sp a | |||||||| | spa d
020 _a978-84-86878-12-2
080 _a1 Krause, Karl Christian Friedrich.073(460)
080 _a78:37(460)"18/19"
100 1 _aSánchez de Andrés, Leticia.
_9138413
245 1 0 _aMúsica para un ideal :
_bpensamiento y actividad musical del krausismo e institucionismo españoles (1854-1936) /
_cLeticia Sánchez de Andrés.
260 _aMadrid :
_bSociedad Española de Musicología,
_c2009.
300 _a684 p. :
_bil. ;
_c24 cm.
490 1 _aPublicaciones de la Sociedad Española de Musicología. Sección C, Estudios ;
_v17
500 _aÍndice.
504 _aBibliografía: p. 629-659.
505 8 _aContiene: Escuela de Estudios Superiores y Extensión Universitaria del Ateneo
586 _aObra ganadora del Concurso de Investigación Musical y Estudios Musicológicos de la Sociedad Española de Musicología, año 2007
610 2 4 _aAteneo de Madrid.
_bEscuela de Estudios Superiores (1896-1907)
_91958
650 4 _aKrausismo-
_zEspaña.
_914041
650 4 _aMúsica-
_xEstudio y enseñanza-
_zEspaña-
_yS.XIX.
_9176152
650 _aMúsica-
_xEstudio y enseñanza-
_zEspaña-
_yS.XX.
_9149097
830 1 _aPublicaciones de la Sociedad Española de Musicología. Sección C, Estudios ;
_v17
_9224524
852 4 _aES-MaACL
_9186645
_bR.148056
_jA-11831
_dOlim: N-4836
_cDEPO1
942 _2udc
_cMONOGRAFIA
999 _c179745
_d179745